000 00235 a2200097 4500
001 15817
100 _aMaratta
245 _aDrills & performance objectives for coaching track and field
260 _a
_bParker
_c
090 _c12367
_d12367
942 _aNUST-CAE
_cM
_c2633
999 _c250890
_d250890